=LDR 00000nam 2200000 4500 =001 INLIS000000000007624 =005 20200225124052 =035 ##$$a 0010-061300000007624 =008 200225################g##########0#ind## =041 ##$$a Ind =082 ##$$a 020 =090 ##$$a 020, Yus p =100 ##$$a Yusuf, Pawit M =245 1#$$a Pedoman mencari sumber informasi /$c Yusuf, Pawit M =260 ##$$a Bandung :$b Remadja karya,$c 1988 =300 ##$$a x,117 hlm : $b Ilus ; $c 14,5 x21 cm =650 #4$$a Informasi, Ilmu =850 ##$$a NBPNMAT =084 ##$$a 020 Yus p =250 ##$$a Cet. 1 =504 ##$$a Bibliografi : hlm. 117 =990 ##$$a 39.415/Pro.91 =990 ##$$a 00055974 =990 ##$$a 2492/Ltps-91